| 000 | 01022nam a2200241 a 4500 | ||
|---|---|---|---|
| 001 | 53870 | ||
| 003 | BD-RjUL | ||
| 005 | 20211209080032.0 | ||
| 008 | 161027s1969 bg ||||| |||| 00| 0 ben d | ||
| 020 | _c: TK 16.00 | ||
| 035 | _a(BD-RjUL)53992 | ||
| 040 |
_aBD-RjUL _bben _cBD-RjUL |
||
| 041 | _aben | ||
| 082 |
_223 _a891.4409 _bMAA 1969 |
||
| 100 |
_aমান্নান, কাজী আবদুল _9135192 |
||
| 245 | 1 | 0 |
_aআধুনিক বাঙলা-সাহিত্যে মুসলিম সাধনা / _cকাজী আবদুল মান্নান |
| 250 | _aপরিবর্ধিত ২য় সং. | ||
| 260 |
_aরাজশাহী : _bকাজী আবদুল মান্নান, _c১৯৬৯ |
||
| 300 |
_a[২৪], ৫৫০ পৃ. ; _c২১ সেমি. |
||
| 650 |
_aবাংলা সাহিত্য _xইতিহাস ও সমালোচনা _9160864 |
||
| 650 |
_aBengali Literature _xHistory & Criticism _9160865 |
||
| 942 |
_2ddc _cBK |
||
| 999 |
_c53870 _d53870 |
||